Pokémon - Les attaques de Froussardine - Statistiques

Statistiques générales
  • Ce quiz a été pris 19 fois
  • Le résultat moyen est 9 sur 14
Statistiques - réponses
Niveaux Types Noms des attaques % Correct
Niveau 44 Eau Hydrocanon
100%
Départ Eau Pistolet à O
100%
Niveau 24 Eau Détrempage
89%
Niveau 36 Eau Anneau Hydro
78%
Niveau 32 Eau Hydro-Queue
78%
Niveau 20 Eau Plongée
78%
Départ Normal Rugissement
78%
Niveau 12 Eau Saumure
78%
Niveau 48 Normal Damoclès
67%
Niveau 8 Ténèbres Baston
33%
Niveau 28 Normal Brouhaha
22%
Niveau 4 Normal Coup d'Main
22%
Niveau 40 Normal Effort
22%
Niveau 16 Normal Larme à l'Œil
22%
Aucun quiz correspondant
Distribution des résultats
% des personnes avec chaque résultat
Percentile par nombre de réponses
Votre historique - résultats
Vous n’avez pas pris ce quiz